000 00599nam a2200181Ia 4500
003 GCL
008 140319s9999 xx 000 0 ara d
040 _aGCL /
_cGCL
082 0 4 _a370.15
_bا ت
100 1 _aاحرشاو الغالى
245 1 0 _aالتمثيل الدلالى لافعال تحويل الملكية عندالطفل /
_cاحرشاو الغالى
300 _a125 ص
490 _aالجمعية الكويتية لتقدم الطفولة
_v0
650 0 4 _aتعليم الاطفال
650 0 4 _aالاجتماع
650 0 4 _aالاطفال - رعاية
942 _2ddc
_cBK
999 _c43915
_d43915